000 00992pam a2200277 i 4500
001 2771421
003 NUST-PNEC
005 20170116180710.0
008 800409s1981 nyua 001 0 eng
010 _a 80014757
020 _a0070139318
040 _cPNEC
050 0 0 _aTK151
_b.C8 1981
082 0 0 _a621.302 SUM
100 1 _aSummers, Wilford I.
245 1 0 _aAmerican electricians' handbook /
_cWilford I. Summers, editor.
250 _a10th ed.
260 _aNew York :
_bMcGraw-Hill,
_cc1981.
300 _a1659 p. in various pagings :
_bill. ;
_c24 cm.
500 _aIncludes Index http://www.amazon.com/American-electricians-handbook-Wilford-Summers/dp/0070139318/ref=sr_1_1?s=books&ie=UTF8&qid=1412320947&sr=1-1&keywords=0070139318
500 _aIncludes index.
650 0 _aElectrical engineering
_vHandbooks, manuals, etc.
_xEE
700 1 _aWatt, John H.
_tAmerican electricians' handbook.
906 _a7
_bcbc
_corignew
_d1
_eocip
_f19
_gy-gencatlg
942 _2ddc
_cBK
999 _c60939
_d60939